| 000 | 00374nam a2200145Ia 4500 | ||
|---|---|---|---|
| 008 | 210719s2005 xx 000 0 und d | ||
| 041 | _aeng | ||
| 082 | _a891.468 KONP | ||
| 100 | _aKONKANI SANGH | ||
| 245 | _aParjal: sahityik smaranika 2004-2005. | ||
| 260 |
_aManglur _bSam Luvis Vidyalay _c2005 |
||
| 300 |
_a125 _bHB |
||
| 365 | _cRs | ||
| 650 | _aKonkani Miscellaneous | ||
| 999 |
_c214324 _d214324 |
||